| 000 | 00554nam a22002057a 4500 | ||
|---|---|---|---|
| 003 | OSt | ||
| 005 | 20140310181911.0 | ||
| 008 | 130712t xxu||||| |||| 00| 0 eng d | ||
| 020 | _a1576904601 | ||
| 050 |
_aLB 1044.87 _b.C541 1999 |
||
| 082 |
_aTR 006.33 _bC44 1999 |
||
| 245 |
_aSimple internet activities _cChirinian, Alain |
||
| 260 |
_aU. S. A : _bTeacher Created Materials Inc, _cc1999. |
||
| 300 |
_a96 p. : _bill. ; _c28 cm. |
||
| 520 | _a1. Internet. | ||
| 521 | _aFaculty | ||
| 541 | _j1 | ||
| 562 | _e1 | ||
| 942 |
_2lcc _cBK-TR _kTR |
||
| 999 |
_c6538 _d6538 |
||